Statistics for 400 Digits of Pi

Click here to take the quiz!

General Stats

  • This quiz has been taken 1,619 times
  • The average score is 263 of 400

Answer Stats

% Correct
3
99%
1
98%
4
98%
1
97%
5
96%
9
96%
2
95%
6
94%
3
93%
5
93%
5
92%
8
92%
9
92%
3
91%
7
91%
9
91%
2
90%
3
90%
8
90%
4
89%
6
89%
2
88%
3
88%
4
88%
6
88%
3
87%
8
87%
2
86%
3
86%
7
86%
9
86%
0
85%
1
85%
2
85%
4
85%
5
85%
8
85%
8
85%
9
85%
0
84%
1
84%
1
84%
3
84%
3
84%
5
84%
5
84%
6
84%
7
84%
7
84%
8
84%
9
84%
9
84%
9
84%
0
83%
2
83%
4
83%
7
83%
9
83%
0
82%
2
82%
3
82%
4
82%
4
82%
5
82%
9
82%
9
82%
0
81%
1
81%
2
81%
4
81%
6
81%
6
81%
7
81%
8
81%
8
81%
9
81%
9
81%
0
80%
0
80%
2
80%
2
80%
6
80%
6
80%
8
80%
8
80%
8
80%
0
79%
1
79%
1
79%
2
79%
2
79%
3
79%
3
79%
4
79%
4
79%
5
79%
6
79%
7
79%
7
79%
8
79%
9
79%
0
78%
1
78%
2
78%
4
78%
8
78%
8
78%
8
78%
0
77%
0
77%
0
77%
0
77%
1
77%
1
77%
2
77%
2
77%
2
77%
2
77%
2
77%
3
77%
3
77%
3
77%
3
77%
4
77%
4
77%
4
77%
5
77%
5
77%
5
77%
5
77%
6
77%
6
77%
6
77%
6
77%
7
77%
7
77%
8
77%
8
77%
8
77%
9
77%
9
77%
9
77%
0
76%
1
76%
2
76%
3
76%
4
76%
5
76%
5
76%
8
76%
8
76%
4
75%
1
74%
1
74%
1
74%
7
74%
8
74%
0
73%
0
73%
0
73%
0
73%
1
73%
1
73%
1
73%
1
73%
2
73%
2
73%
2
73%
3
73%
4
73%
4
73%
5
73%
5
73%
7
73%
8
73%
8
73%
9
73%
2
72%
2
72%
4
72%
4
72%
5
72%
5
72%
5
72%
6
72%
6
72%
9
72%
9
72%
0
71%
1
71%
3
71%
3
71%
4
71%
4
71%
5
71%
6
71%
8
71%
8
71%
9
71%
9
71%
9
71%
2
70%
4
70%
4
70%
0
69%
1
69%
5
69%
5
69%
6
69%
6
69%
7
69%
8
69%
8
69%
9
69%
9
69%
3
68%
3
68%
4
68%
4
68%
1
67%
2
67%
2
67%
3
67%
4
67%
4
67%
5
67%
6
67%
6
67%
7
67%
8
67%
8
67%
1
66%
3
66%
3
66%
6
66%
6
66%
7
66%
7
66%
8
66%
8
66%
0
65%
0
65%
1
65%
1
65%
1
65%
2
65%
2
65%
5
65%
7
65%
9
65%
9
65%
0
64%
2
64%
3
64%
3
64%
4
64%
4
64%
4
64%
4
64%
5
64%
5
64%
6
64%
6
64%
6
64%
6
64%
6
64%
8
64%
8
64%
9
64%
0
63%
0
63%
0
63%
1
63%
1
63%
2
63%
2
63%
2
63%
2
63%
3
63%
3
63%
3
63%
3
63%
4
63%
4
63%
4
63%
5
63%
6
63%
6
63%
6
63%
6
63%
7
63%
8
63%
9
63%
9
63%
1
62%
1
62%
2
62%
3
62%
4
62%
4
62%
7
62%
7
59%
2
58%
4
58%
5
58%
7
57%
8
57%
0
56%
0
56%
0
56%
6
56%
6
56%
6
56%
1
55%
3
55%
5
53%
5
53%
8
53%
8
53%
1
52%
7
52%
0
51%
1
51%
2
51%
4
51%
5
51%
8
51%
8
51%
9
51%
0
50%
2
50%
9
48%
2
46%
6
46%
2
45%
8
45%
9
45%
2
44%
4
43%
5
43%
0
42%
9
41%
1
39%
1
39%
5
39%
7
39%
3
38%
3
38%
4
38%
6
38%
6
37%
2
34%
5
34%
7
34%
8
34%
9
34%
0
33%
9
33%
0
31%
3
31%
6
31%
0
30%
1
30%
1
30%
3
29%
3
29%
0
28%
0
28%
3
28%
4
28%
5
28%
5
28%
2
27%
8
27%
8
27%
0
26%
4
25%
6
25%
6
24%
1
23%
2
23%
3
23%
5
23%
1
22%
4
22%
8
22%
4
21%
5
21%
6
21%
9
21%
9
21%
1
20%
1
20%
1
20%
1
20%
4
20%
5
20%
6
20%
9
20%
0
19%

Score Distribution

Percentile by Number Answered

Percent of People with Each Score

Your Score History

You have not taken this quiz